| 000 | 00499nam a2200169 i 4500 | ||
|---|---|---|---|
| 001 | 62063 | ||
| 003 | ES-MaACL | ||
| 005 | 20251105063131.0 | ||
| 007 | t| | ||
| 008 | 031117s1907 sp ||||1| cat d | ||
| 100 | 1 |
_aFaura i Sans, M., _d1883-1941 _948954 |
|
| 245 | 1 | 0 |
_aRecull espeleológic de Catalunya / _cMariano Faura i Sans. |
| 260 |
_aVilanova i la Geltrú : _b[s.n., _c1907] |
||
| 500 | _aExtracte de Sota Terra, 1907. | ||
| 852 |
_aES-MaACL _jT-1214-F-2 |
||
| 999 |
_c62063 _d62063 |
||